|
|
|
|
| LEADER |
00762nam a2200253 a 4500 |
| 001 |
adlib96000001 |
| 003 |
ViArRB |
| 005 |
20151026130835.0 |
| 008 |
960221s1955 dcuabcdjdbkoqu001 0deng d |
| 020 |
|
|
|
| 022 |
|
|
|
| 040 |
|
|
|a Adlib
|
| 082 |
|
|
|a 621.382
|
| 245 |
|
|
|a Semiconductor optoelectronic devices
|
| 250 |
|
|
|
| 260 |
|
|
|a Englewood Cliffs, NJ
|b Prentice-Hall of India
|c 1994
|
| 300 |
|
|
|a xix, 535p.:illus.
|
| 500 |
|
|
|a ISBN: 0 13 805748 6
|
| 100 |
|
|
|a Bhattacharya, Pallab
|
| 700 |
|
|
|
| 942 |
|
|
|c BK
|6 _
|
| 653 |
|
|
|a Optoelectronic devices
|a Semiconductor
|a Electric conductors
|a Electronics
|
| 999 |
|
|
|c 14466
|d 14466
|
| 952 |
|
|
|0 0
|1 0
|4 0
|6 621382_BHA
|7 0
|9 25980
|a UL
|b UL
|d 2010-06-16
|l 8
|m 2
|o 621.382 BHA
|p 00040758
|r 2014-11-13
|s 2014-11-07
|w 2010-06-16
|y BK
|